| 000 | 00556nam a2200205Ia 4500 | ||
|---|---|---|---|
| 003 | OSt | ||
| 005 | 20260127145459.0 | ||
| 008 | 250729s2007 xx 000 0 und d | ||
| 020 | _a978-8173024160 | ||
| 040 | _cAL | ||
| 041 | _akan | ||
| 082 | _a909 SHAD | ||
| 100 |
_aಶಾಸ್ತ್ರೀ ಪಾಂಡುರಂಗ _9227976 |
||
| 245 | _aದೇಶ ವಿದೇಶಗಳ ಪರಿಚಯ | ||
| 260 |
_aಬೆಂಗಳೂರು _c2007 |
||
| 300 | _a172p | ||
| 650 |
_aHistory _9227977 |
||
| 700 |
_aಶಾo Digumurthi _9227978 |
||
| 942 |
_2ddc _cBED |
||
| 999 |
_c237839 _d237839 |
||